VZÁJOMNÉ VZŤAHY VYBRANÝCH UKAZOVATEĽOV ÚŽITKOVOSTI OŠÍPANÝCH

Bibliographic Details
Main Authors: Demo, P. (Author), Gráčik, P. (Author), Krška, Peter (Author)
Format: Article
Language:Slovak

MARC

LEADER 00000nab a2200000uu 4500
001 vtls011540323
003 SK-MaSNL
005 20260303173245.0
008 230218|1993 xo |||||||||||||||||slo|
015 |a SNBRB 
035 |a (urnnbn)urn:nbn:sk:snk:ar-a09r66 
035 |a (uuid)abd101a1-cdf1-4a5d-83a4-c9f679eb734d 
035 |a urn:nbn:sk:snk-abeyl8 
040 |a SNKBUCL  |b slo  |c SNKBUCL  |e AACR2 
041 0 |a slo 
044 |a xo  |c SK 
100 1 |a Demo, P.  |4 aut  |9 772935 
245 1 0 |a VZÁJOMNÉ VZŤAHY VYBRANÝCH UKAZOVATEĽOV ÚŽITKOVOSTI OŠÍPANÝCH  |c P. Demo, P. Gráčik, P. Krška 
246 3 |a RELATIONS OF CHOSEN PRODUCTION TRAITS IN PIGS 
700 1 |a Gráčik, P.  |4 aut  |9 772934 
700 1 |a Krška, Peter  |4 aut  |9 117806 
773 0 |t Journal of farm animal science : vedecké práce Výskumného ústavu živočíšnej výroby v Nitre  |g Roč. 26, č. 26 (1993), s. 83-90 
954 |a odborná, vedecká literatúra pôvodná (slovenská)  |2 lita 
958 |a OND 
958 |a EUIPO 
958 |a article22 
999 |c 2091749  |d 2093679